000
00280nam a22001337a 4500
008
170906b xxu||||| |||| 00| 0 eng d
020
_a
9780964260122
041
_a
eng
080
_a
72
100
_a
71
101
_a
ARK
245
_a
THE CLASSICIST
_c
JOHN, R
942
_2
udc
_c
BK
999
_c
26233
_d
26233